ბათუმის შოთა რუსთაველის სახელმწიფო უნივერსიტეტის ბიბლიოთეკა

59 Seconds. (ბიბ.ჩანაწერი № 46943)

000 -LEADER
fixed length control field 00470nam a2200217Ia 4500
001 - CONTROL NUMBER
control field 13796
003 - CONTROL NUMBER IDENTIFIER
control field GE_BSU
008 - FIXED-LENGTH DATA ELEMENTS--GENERAL INFORMATION
fixed length control field 181216s||||||||xx |||||||||||||| ||und||
020 ## - INTERNATIONAL STANDARD BOOK NUMBER
International Standard Book Number 9780330511605
040 ## - CATALOGING SOURCE
Transcribing agency GE_BSU
080 ## - UNIVERSAL DECIMAL CLASSIFICATION NUMBER
Universal Decimal Classification number 159.9
100 ## - MAIN ENTRY--PERSONAL NAME
Personal name Wiseman, Richard
245 ## - TITLE STATEMENT
Title 59 Seconds.
245 ## - TITLE STATEMENT
Remainder of title Think a Little, Change a Lot
260 ## - PUBLICATION, DISTRIBUTION, ETC.
Place of publication, distribution, etc. London
260 ## - PUBLICATION, DISTRIBUTION, ETC.
Name of publisher, distributor, etc. Pan books
260 ## - PUBLICATION, DISTRIBUTION, ETC.
Date of publication, distribution, etc. 2009
300 ## - PHYSICAL DESCRIPTION
Extent 357p.20cm.
653 ## - INDEX TERM--UNCONTROLLED
Uncontrolled term 59 Seconds.
942 ## - ADDED ENTRY ELEMENTS (KOHA)
Koha item type წიგნი
ეგზემპლარები
Withdrawn status Lost status Damaged status Not for loan Date acquired Barcode Date last seen Price effective from Koha item type
        2018-12-17 37175 2018-12-17 2018-12-17 წიგნი